000 00544nam a2200217Ia 4500
008 101110s9999 xx 000 0 und d
041 _aENGLISH
082 _bSR34579
100 _aMisra S.K. and Puri V.K.
245 _aBusiness economics FYBCom
260 _c2010
_bHimalaya Publishing House, Mumbai
300 _a334
365 _b140
520 _aEconomics
546 _aENGLISH
630 _aBusiness economics FYBCom
650 _aEconomics
655 _aEconomics
730 _aBusiness economics FYBCom
942 _cBOOK
999 _c827080
_d827077